书目信息 |
| 题名: |
BIM结构设计方法与应用
|
|
| 作者: | 焦柯 , 杨远丰 编著 | |
| 分册: | ||
| 出版信息: | 北京 中国建筑工业出版社 2016 |
|
| 页数: | 285页 | |
| 开本: | 26cm | |
| 丛书名: | ||
| 单 册: | ||
| 中图分类: | TU201.4 | |
| 科图分类: | ||
| 主题词: | 建筑设计--Jian Zhu She Ji--计算机辅助设计--应用软件 | |
| 电子资源: | ||
| ISBN: | 978-7-112-19334-9 | |
| 000 | 00975nam0 2200241 450 | |
| 001 | 0100004595 | |
| 005 | 20190311102038.66 | |
| 010 | @a978-7-112-19334-9@dCNY45.00 | |
| 100 | @a20160922d2016 em y0chiy50 ea | |
| 101 | 0 | @achi |
| 102 | @aCN@b110000 | |
| 105 | @aak a 000yy | |
| 200 | 1 | @aBIM结构设计方法与应用@ABim Jie Gou She Ji Fang Fa Yu Ying Yong@f焦柯, 杨远丰编著 |
| 210 | @a北京@c中国建筑工业出版社@d2016 | |
| 215 | @a285页@c图@d26cm | |
| 320 | @a有书目 (第285页) | |
| 330 | @a本书共分为10章,包括:结构BIM技术概述,结构专业Revit模板设置,结构BIM建模技术,结构BIM模型互导技术,结构BIM施工图图面表达,结构可视化检测分析,结构专业内协同设计,结构专业与其他专业之间协同设计,框架结构BIM设计指导,向日葵结构BIM软件简介等。 | |
| 606 | 0 | @a建筑设计@AJian Zhu She Ji@x计算机辅助设计@x应用软件 |
| 690 | @aTU201.4@v5 | |
| 701 | 0 | @a焦柯@AJiao Ke@4编著 |
| 701 | 0 | @a杨远丰@AYang Yuan Feng@4编著 |
| 801 | 0 | @aCN@c20161103 |
| 905 | @a河南城建学院图书馆@dTU201.4@eJ667 | |
| BIM结构设计方法与应用/焦柯, 杨远丰编著.-北京:中国建筑工业出版社,2016 |
| 285页:图;26cm |
| ISBN 978-7-112-19334-9:CNY45.00 |
| 本书共分为10章,包括:结构BIM技术概述,结构专业Revit模板设置,结构BIM建模技术,结构BIM模型互导技术,结构BIM施工图图面表达,结构可视化检测分析,结构专业内协同设计,结构专业与其他专业之间协同设计,框架结构BIM设计指导,向日葵结构BIM软件简介等。 |
| ● |
| 相关链接 |
|
|
|
正题名:BIM结构设计方法与应用
索取号:TU201.4/J667
 
预约/预借
| 序号 | 登录号 | 条形码 | 馆藏地/架位号 | 状态 | 备注 |
| 1 | 1243880 | 212438806 | 建筑库101/101建筑库 34排2列4层/ [索取号:TU201.4/J667] | 在馆 | |
| 2 | 1292299 | 212922998 | 土木与交通工程学院资料室/ [索取号:TU201.4/J667] | 在馆 | |
| 3 | 1292300 | 212923005 | 土木与交通工程学院资料室/ [索取号:TU201.4/J667] | 在馆 |